000 01087nam a2200229 a 4500
001 BS0003449
003 BR-BrBNA
005 20231010162733.0
008 230308b |||||||| |||| 00| 0 por d
040 _aBR-BrBNA
_bpor
_cBiblioteca Nacional de Agricultura
041 _apor
072 _aS86
090 _aS86
_bBS0003449
100 1 _aBarbosa, Alaor
245 1 _aUm cenáculo na paulicéia:
_bum estudo sobre Monteiro Lobato, Godofredo Rangel, José Antônio Nogueira, Ricardo Gonçalves, Raul de Freitas e Albino de Camargo /
260 3 _aBrasília, DF:
_bProjecto Editorial,
_c2002.
300 _a296 p.
520 3 _aAlaor Barbosa trouxe para o ensaio literário sua autoridade de ficcionista, sua mão de mestre. Incluído pelo autorizado crítico Wilson Martins na galeria dos mais importantes criadores da literatura universal, apresentou-nos fora da ficção este trabalho, em que recupera um importante período de nossa história literária: os primeiros 25 anos do século XX.
650 _aLITERATURA BRASILEIRA
650 _aCRÍTICA LITERÁRIA
942 _cBK
_2AGRIS
999 _c8511
_d8511